The science and art of occlusion and oral rehabilitation / (Record no. 21364)
[ view plain ]
| 000 -LEADER | |
|---|---|
| fixed length control field | 01014cam a22002895a 4500 |
| 001 - CONTROL NUMBER | |
| control field | 017144316 |
| 003 - CONTROL NUMBER IDENTIFIER | |
| control field | OSt |
| 005 - DATE AND TIME OF LATEST TRANSACTION | |
| control field | 20160310103411.0 |
| 008 - FIXED-LENGTH DATA ELEMENTS--GENERAL INFORMATION | |
| fixed length control field | 150407t2015 enka frb 001 0 eng d |
| 020 ## - INTERNATIONAL STANDARD BOOK NUMBER | |
| International Standard Book Number | 9781850972150 |
| 040 ## - CATALOGING SOURCE | |
| Original cataloging agency | Uk |
| Language of cataloging | eng |
| Transcribing agency | Uk |
| Modifying agency | EG-ScBUE |
| 082 04 - DEWEY DECIMAL CLASSIFICATION NUMBER | |
| Classification number | 617.643 |
| Item number | GRO |
| Edition number | 22 |
| 100 1# - MAIN ENTRY--PERSONAL NAME | |
| Personal name | Gross, Martin D. |
| 9 (RLIN) | 39518 |
| 245 14 - TITLE STATEMENT | |
| Title | The science and art of occlusion and oral rehabilitation / |
| Statement of responsibility, etc | Martin Gross ; with contributions by Stefano Gracis ... [et al.] |
| 260 ## - PUBLICATION, DISTRIBUTION, ETC. (IMPRINT) | |
| Place of publication, distribution, etc | Surrey : |
| Name of publisher, distributor, etc | Quintessence Publishing, |
| Date of publication, distribution, etc | c.2015. |
| 300 ## - PHYSICAL DESCRIPTION | |
| Extent | x, 534 p. : |
| Other physical details | ill. (black and white, and col.) ; |
| Dimensions | 33 cm. |
| 500 ## - GENERAL NOTE | |
| General note | Index : p. 529-534. |
| 504 ## - BIBLIOGRAPHY, ETC. NOTE | |
| Bibliography, etc | Includes bibliographical references. |
| 650 #7 - SUBJECT ADDED ENTRY--TOPICAL TERM | |
| Topical term or geographic name as entry element | Occlusion (Dentistry) |
| Source of heading or term | BUEsh |
| 9 (RLIN) | 30237 |
| 650 #7 - SUBJECT ADDED ENTRY--TOPICAL TERM | |
| Topical term or geographic name as entry element | Malocclusion |
| General subdivision | Treatment. |
| Source of heading or term | BUEsh |
| 9 (RLIN) | 37681 |
| 650 #7 - SUBJECT ADDED ENTRY--TOPICAL TERM | |
| Topical term or geographic name as entry element | Dental implants. |
| Source of heading or term | BUEsh |
| 9 (RLIN) | 35980 |
| 650 #7 - SUBJECT ADDED ENTRY--TOPICAL TERM | |
| Topical term or geographic name as entry element | Dentistry |
| General subdivision | Aesthetic aspects. |
| Source of heading or term | BUEsh |
| 9 (RLIN) | 32104 |
| 651 ## - SUBJECT ADDED ENTRY--GEOGRAPHIC NAME | |
| Source of heading or term | BUEsh |
| 653 ## - INDEX TERM--UNCONTROLLED | |
| Resource For college | |
| Arrived date list | March2016 |
| 700 1# - ADDED ENTRY--PERSONAL NAME | |
| Personal name | Gracis, Stefano, |
| Relator term | contributor. |
| 942 ## - ADDED ENTRY ELEMENTS (KOHA) | |
| Source of classification or shelving scheme | Dewey Decimal Classification |
| Withdrawn status | Item status | Source of classification or shelving scheme | Damaged status | Not for loan | Vendor | Home library | Current library | Shelving location | Date acquired | Source of acquisition | Cost, normal purchase price | Serial Enumeration / chronology | Total Checkouts | Total Renewals | Full call number | Barcode | Checked out | Date last seen | Date last borrowed | Cost, replacement price | Koha item type |
|---|---|---|---|---|---|---|---|---|---|---|---|---|---|---|---|---|---|---|---|---|---|
| Dewey Decimal Classification | Central Library | Central Library | First floor | 10/03/2016 | Purchase | 3300.00 | 582 | 2 | 15 | 617.643 GRO | 000031945 | 20/09/2025 | 23/07/2025 | 23/07/2025 | 4125.00 | Book - Borrowing |